[Event "Women's Speed Chess Q3"]
[Site "chess.com INT"]
[Date "2021.05.30"]
[Round "10"]
[White "Rakshitta, Ravi"]
[Black "Chu, Ruotong"]
[Result "0-1"]
[WhiteTitle "WIM"]
[BlackTitle "WIM"]
[WhiteElo "2190"]
[BlackElo "2207"]
[WhiteFideId "25073230"]
[BlackFideId "8605653"]
[EventDate "2021.05.30"]

1. e4 c5 2. Nf3 e6 3. d4 cxd4 4. Nxd4 Nc6 5. Nc3 Qc7 6. Be3 a6 7. g3 Nf6 8. Bg2
Ne5 9. O-O Nc4 10. Bc1 Bb4 11. Bg5 Nxb2 12. Qe2 Bxc3 13. Nb3 h6 14. Bf4 e5 15.
Be3 Nc4 16. Rad1 Nxe3 17. Qxe3 O-O 18. f4 d6 19. f5 b5 20. Qf3 b4 21. g4 a5 22.
h4 a4 23. Nd2 Ba6 24. g5 hxg5 25. hxg5 Nh7 26. Rf2 Bd4 27. Nf1 Qb6 28. g6 Bxf2+
29. Kh1 fxg6 30. Qh3 Ng5 31. Qh2 gxf5 32. exf5 Kf7 33. Bd5+ Ke7 0-1

[Event "Women's Speed Chess Q3"]
[Site "chess.com INT"]
[Date "2021.05.30"]
[Round "10"]
[White "Arpita, Mukherjee"]
[Black "Berend, Elvira"]
[Result "1-0"]
[WhiteTitle "WIM"]
[BlackTitle "WGM"]
[WhiteElo "2206"]
[BlackElo "2326"]
[WhiteFideId "5056403"]
[BlackFideId "4000510"]
[EventDate "2021.05.30"]

1. e4 c5 2. Nf3 e6 3. d4 cxd4 4. Nxd4 Nc6 5. Nxc6 bxc6 6. Nc3 d5 7. Bd3 Nf6 8.
e5 Nd7 9. Qe2 Be7 10. O-O O-O 11. b3 Bb7 12. Bb2 c5 13. f4 Qb6 14. Na4 Qc6 15.
c4 Nb6 16. Nxb6 axb6 17. f5 exf5 18. Bxf5 dxc4 19. bxc4 Rad8 20. Rad1 g6 21. Bg4
Bg5 22. Bf3 Qc7 23. Bxb7 Qxb7 24. e6 Rxd1 25. Rxd1 fxe6 26. Qxe6+ Qf7 27. Qe2
Bf6 28. Rf1 Bd4+ 29. Bxd4 Qxf1+ 30. Qxf1 Rxf1+ 31. Kxf1 cxd4 32. Ke2 Kf7 33. Kd3
Ke6 34. Kxd4 Kd6 35. a4 Kc6 36. g4 g5 37. h3 h6 38. Kd3 Kd6 39. Kc3 Kc5 40. Kb3
Kd6 41. Kb4 Kc6 42. c5 bxc5+ 43. Kc4 Kb6 44. a5+ Kxa5 45. Kxc5 Ka4 46. Kd5 Kb4
47. Ke5 Kc3 48. Kf6 Kd3 49. Kg6 Ke4 50. Kxh6 Kf4 51. Kh5 1-0

[Event "Women's Speed Chess Q3"]
[Site "chess.com INT"]
[Date "2021.05.30"]
[Round "10"]
[White "Sikorova, Olga"]
[Black "Mendoza, Shania Mae"]
[Result "0-1"]
[WhiteTitle "WGM"]
[BlackTitle "WFM"]
[WhiteElo "2215"]
[BlackElo "2158"]
[WhiteFideId "307033"]
[BlackFideId "5211158"]
[EventDate "2021.05.30"]

1. c4 e5 2. g3 c6 3. Bg2 d5 4. cxd5 cxd5 5. d4 e4 6. Nc3 h6 7. e3 Nf6 8. Nge2
Nc6 9. O-O Bg4 10. Qb3 Qd7 11. Nf4 Rd8 12. h3 Bf5 13. Bd2 Be7 14. Kh2 O-O 15.
Rac1 Na5 16. Qa4 Nc4 17. Qxd7 Rxd7 18. Rc2 a6 19. b3 Nb6 20. Nb1 Rc8 21. Rxc8+
Nxc8 22. Rc1 Nd6 23. g4 Bh7 24. Nc3 Nde8 25. Na4 g5 26. Ne2 Kg7 27. Ba5 Bd6+ 28.
Kg1 h5 29. gxh5 Nxh5 30. Nb6 Rc7 31. Nxd5 Rxc1+ 32. Nxc1 f5 33. Bf1 f4 34. Be2
Nhf6 35. Nxf6 Nxf6 36. Bc3 Bf5 37. Bf1 Nd5 38. Bd2 Kg6 39. Ne2 Kh5 0-1

[Event "Women's Speed Chess Q3"]
[Site "chess.com INT"]
[Date "2021.05.30"]
[Round "10"]
[White "Ramirez, Maria Eugenia"]
[Black "Eswaran, Aksithi"]
[Result "0-1"]
[WhiteTitle "WFM"]
[BlackTitle "WCM"]
[WhiteElo "2057"]
[BlackElo "1745"]
[WhiteFideId "3301680"]
[BlackFideId "2083485"]
[EventDate "2021.05.30"]

1. e4 c5 2. c3 d5 3. exd5 Qxd5 4. d4 Nc6 5. Nf3 Bg4 6. Be2 e6 7. O-O Nf6 8. Be3
cxd4 9. cxd4 Be7 10. Nc3 Qd6 11. Qb3 O-O 12. Qxb7 Rab8 13. Qa6 Rfc8 14. b3 Nb4
15. Qxd6 Bxd6 16. Rfc1 Nbd5 17. Nxd5 Nxd5 18. h3 Bf5 19. Bc4 Nb4 20. Nh4 Be4 21.
f3 Bg6 22. Nxg6 hxg6 23. Kf2 Kf8 24. a3 Nd5 25. Bxd5 exd5 26. b4 Rc4 27. Rxc4
dxc4 28. Rc1 Rc8 29. Ke2 Ke7 30. d5 Kf6 31. Bd4+ Be5 32. Ke3 g5 33. g3 Kf5 34.
f4 gxf4+ 35. gxf4 Bxf4+ 36. Kf3 Bxc1 37. Bc3 Bxa3 38. d6 Rd8 39. Bxg7 Rxd6 40.
Bf8 Rd3+ 41. Ke2 Rg3 42. Kd2 Rxh3 43. b5 Bxf8 44. Kc2 c3 45. Kb3 Ke5 46. Ka4 Kd4
47. Ka5 c2 48. Ka6 c1=Q 49. Kxa7 Ra3+ 50. Kb8 Qb2 51. Kc8 Rc3+ 52. Kd7 Qxb5+ 53.
Kd8 Qd5+ 54. Ke8 Rc8# 0-1

[Event "Women's Speed Chess Q3"]
[Site "chess.com INT"]
[Date "2021.05.30"]
[Round "10"]
[White "Kiolbasa, Oliwia"]
[Black "Ambartsumova, Karina"]
[Result "1-0"]
[WhiteTitle "WIM"]
[BlackTitle "IM"]
[WhiteElo "2255"]
[BlackElo "2382"]
[WhiteFideId "1154613"]
[BlackFideId "4166299"]
[EventDate "2021.05.30"]

1. e4 c5 2. Nf3 e6 3. d4 cxd4 4. Nxd4 a6 5. Be2 Qc7 6. O-O Nf6 7. Nc3 Bb4 8. Qd3
Nc6 9. Nxc6 bxc6 10. f4 d5 11. e5 Nd7 12. a4 O-O 13. Kh1 Be7 14. Qh3 c5 15. Bd3
g6 16. Bd2 c4 17. Be2 Bb7 18. a5 d4 19. Na4 Rad8 20. Bf3 Nc5 21. Bxb7 Qxb7 22.
Nb6 d3 23. cxd3 Rxd3 24. Be3 Qe4 25. Rf3 Nb3 26. Raf1 Nd2 27. Bxd2 Rxd2 28. Re3
Qc6 29. Rc3 Rxb2 30. Rxc4 Qb7 31. Rfc1 Rd8 32. Qf3 Qxf3 33. gxf3 Bb4 34. Rc8
Rxc8 35. Rxc8+ Kg7 36. Nd7 Bxa5 37. Nf6 Rb1+ 38. Kg2 Kh6 39. Rh8 Kg7 40. Rxh7+
Kf8 41. Rh8+ Ke7 42. Re8# 1-0

[Event "Women's Speed Chess Q3"]
[Site "chess.com INT"]
[Date "2021.05.30"]
[Round "10"]
[White "Nguyen, Thi Mai Hung"]
[Black "Zawadzka, Jolanta"]
[Result "1-0"]
[WhiteTitle "WGM"]
[BlackTitle "WGM"]
[WhiteElo "2254"]
[BlackElo "2399"]
[WhiteFideId "12401676"]
[BlackFideId "1122320"]
[EventDate "2021.05.30"]

1. d4 Nf6 2. Nf3 g6 3. g3 Bg7 4. Bg2 d6 5. O-O O-O 6. a4 a6 7. a5 Nbd7 8. Re1 e5
9. e4 Re8 10. c3 Qe7 11. Nbd2 Nf8 12. dxe5 dxe5 13. Nc4 N6d7 14. Be3 Nc5 15. Qc2
Bg4 16. h3 Bxf3 17. Bxf3 Rad8 18. Red1 h5 19. h4 Nce6 20. Qb3 c6 21. Qb6 Kh7 22.
Kg2 Rb8 23. Rd2 Nd7 24. Qb3 Ndc5 25. Qa3 f5 26. exf5 gxf5 27. Bxh5 Rf8 28. Rdd1
f4 29. Bxc5 Nxc5 30. Nd6 fxg3 31. fxg3 Rbd8 32. Qxc5 Rf6 33. Ne4 Qxc5 34. Nxc5
Rdf8 35. Rf1 Bh6 36. Rxf6 Rxf6 37. Rf1 Rd6 38. Ne4 Rd3 39. Rf3 Rd5 40. Nf6+ Kg7
41. Nxd5 c5 42. Rf7+ 1-0

[Event "Women's Speed Chess Q3"]
[Site "chess.com INT"]
[Date "2021.05.30"]
[Round "10"]
[White "Cyfka, Karina"]
[Black "Purtseladze, Maka"]
[Result "1-0"]
[WhiteTitle "IM"]
[BlackTitle "IM"]
[WhiteElo "2415"]
[BlackElo "2274"]
[WhiteFideId "1122681"]
[BlackFideId "13602659"]
[EventDate "2021.05.30"]

1. d4 Nf6 2. c4 Nc6 3. Nf3 e6 4. a3 g6 5. Nc3 Bg7 6. g3 O-O 7. Bg2 d6 8. O-O a5
9. e4 e5 10. d5 Ne7 11. Rb1 Nd7 12. b4 axb4 13. axb4 h6 14. Ne1 f5 15. exf5 Nxf5
16. Ne4 Nd4 17. Nc2 Nb6 18. Nxd4 exd4 19. Qd3 Bf5 20. h3 Nd7 21. g4 Ne5 22. Qg3
Bxe4 23. Bxe4 g5 24. c5 Ra2 25. Bb2 d3 26. Bxe5 Bxe5 27. Qg2 d2 28. Rbd1 Bf4 29.
Bf5 Qf6 30. Be6+ Kg7 31. cxd6 cxd6 32. Qe4 Rfa8 33. Kg2 Ra1 34. Rxd2 Bxd2 35.
Rxa1 Rxa1 36. Qc2 Bc3 37. b5 Re1 38. Qd3 Ra1 39. Qc4 Ba5 40. Qc8 Qf8 41. Qxb7+
Kh8 42. Qd7 Bd8 43. Bf5 Bf6 44. Qe6 Ra7 45. b6 Re7 46. Qxd6 1-0

[Event "Women's Speed Chess Q3"]
[Site "chess.com INT"]
[Date "2021.05.30"]
[Round "10"]
[White "Nguyen, Thi Thanh An"]
[Black "Vantika, Agrawal"]
[Result "0-1"]
[WhiteTitle "WGM"]
[BlackTitle "WIM"]
[WhiteElo "2259"]
[BlackElo "2286"]
[WhiteFideId "12400300"]
[BlackFideId "25050389"]
[EventDate "2021.05.30"]

1. d4 Nf6 2. Bf4 g6 3. e3 Bg7 4. Nf3 d6 5. h3 O-O 6. Be2 c5 7. c3 cxd4 8. exd4
Nc6 9. O-O Nd5 10. Bh2 e5 11. dxe5 dxe5 12. Re1 Be6 13. Bf1 f6 14. Nbd2 Rf7 15.
Ne4 b6 16. Qa4 Qc7 17. Rad1 Rd8 18. Bb5 Nce7 19. c4 Nf4 20. Bxf4 exf4 21. Rxd8+
Qxd8 22. Nc3 Bc8 23. Qxa7 Nc6 24. Qa4 Ne5 25. Nxe5 fxe5 26. c5 Kh8 27. cxb6 Qxb6
28. Bc4 Rf8 29. Bb3 f3 30. g3 Bxh3 31. Nd5 Qb7 32. Qh4 Bf5 33. Ne7 e4 34. Nxf5
gxf5 35. Re3 Bxb2 36. Kh2 Qc7 0-1

[Event "Women's Speed Chess Q3"]
[Site "chess.com INT"]
[Date "2021.05.30"]
[Round "10"]
[White "Eswaran, Ashritha"]
[Black "Nguyen, Hong Anh"]
[Result "1-0"]
[WhiteTitle "WIM"]
[BlackTitle "WIM"]
[WhiteElo "2244"]
[BlackElo "1993"]
[WhiteFideId "2080788"]
[BlackFideId "12406732"]
[EventDate "2021.05.30"]

1. e4 c5 2. Nf3 Nc6 3. d4 cxd4 4. Nxd4 g6 5. c4 Nf6 6. Nc3 d6 7. Be3 Ng4 8. Nxc6
bxc6 9. Bc1 Qb6 10. Qc2 Bg7 11. h3 Ne5 12. Be3 Qd8 13. O-O-O O-O 14. f4 Nd7 15.
c5 Qc7 16. cxd6 exd6 17. Nd5 Qa5 18. Ne7+ Kh8 19. Kb1 Rb8 20. Nxc6 Qc7 21. Nxb8
Qxb8 22. Bd4 Nf6 23. e5 dxe5 24. Bxe5 Qb6 25. Qc3 Bf5+ 26. Ka1 Ne8 27. Bxg7+
Nxg7 28. g4 Be6 29. Bd3 Kg8 30. Rc1 Bd5 31. Rhd1 Ne6 32. f5 Nf4 33. Bb1 Rb8 34.
Qd4 Qb5 35. Rc5 Qb7 36. Qc3 Ne2 37. Qd2 Nf4 38. Rc2 g5 39. f6 Be4 40. Rc5 Bxb1
41. Rxb1 Ne6 42. Rxg5+ Nxg5 43. Qxg5+ Kf8 44. Qg7+ Ke8 45. Qg8+ Kd7 46. Qxf7+
Kc6 47. Rc1+ Kb5 48. Qb3+ Ka6 49. Qa4+ Kb6 50. Qb4+ Ka6 51. Qa4+ Kb6 52. a3 Qg2
53. Rc4 Qh1+ 54. Ka2 Qd5 55. f7 Qxf7 56. Qb3+ Ka6 57. Ra4# 1-0

[Event "Women's Speed Chess Q3"]
[Site "chess.com INT"]
[Date "2021.05.30"]
[Round "10"]
[White "Szente Varga, Fruzsina"]
[Black "Luong, Phuong Hanh"]
[Result "1-0"]
[WhiteTitle "WFM"]
[BlackTitle "WIM"]
[WhiteElo "2100"]
[BlackElo "2229"]
[WhiteFideId "712264"]
[BlackFideId "12401013"]
[EventDate "2021.05.30"]

1. e4 c5 2. Nf3 e6 3. b3 a6 4. Bb2 Nc6 5. g3 Qc7 6. Bg2 Nf6 7. e5 Ng4 8. Qe2 h5
9. h3 Nh6 10. O-O Be7 11. d3 O-O 12. Nbd2 Nf5 13. Ne4 b6 14. Rae1 Bb7 15. Nfd2
g6 16. Nf6+ Kg7 17. Nfe4 Ncd4 18. Qd1 b5 19. g4 Nh4 20. Bh1 hxg4 21. Qxg4 Qxe5
22. Ng3 Qg5 23. Qxg5 Bxg5 24. Bxb7 Rab8 25. Bg2 Bf6 26. Nde4 Be5 27. f4 Ndf3+
28. Bxf3 Nxf3+ 29. Rxf3 Bxb2 30. Kg2 Ba3 31. Ne2 d5 32. Nd2 Bb4 33. Rd1 c4 34.
dxc4 bxc4 35. bxc4 Bxd2 36. Rxd2 dxc4 37. Nc3 Rb2 38. Ne4 Rxa2 39. Nd6 Ra4 40.
Rd4 Rb8 41. Rxc4 Ra2 42. Rf2 Rb6 43. Ne4 Rbb2 44. Rc7 Rb4 45. Ng5 Kh6 46. Nxf7+ 1-0

[Event "Women's Speed Chess Q3"]
[Site "chess.com INT"]
[Date "2021.05.30"]
[Round "10"]
[White "Dworakowska, Joanna"]
[Black "Bommini, Mounika Akshaya"]
[Result "0-1"]
[WhiteTitle "IM"]
[BlackTitle "WFM"]
[WhiteElo "2322"]
[BlackElo "2029"]
[WhiteFideId "1107445"]
[BlackFideId "25019872"]
[EventDate "2021.05.30"]

1. e4 Nc6 2. d4 e5 3. d5 Nce7 4. g3 Ng6 5. Ne2 h5 6. h4 Bc5 7. Nd2 d6 8. Nc4 Nh6
9. Be3 Bxe3 10. Nxe3 Ng4 11. Qd2 O-O 12. O-O-O b5 13. Nxg4 Bxg4 14. Bg2 a5 15.
f3 Bd7 16. Qg5 b4 17. Qxh5 Bb5 18. Rd2 a4 19. Qg5 Qxg5 20. hxg5 b3 21. a3 bxc2
22. Kxc2 c6 23. Nc3 Bc4 24. dxc6 Rfd8 25. Bf1 Bb3+ 26. Kc1 Ne7 27. Bb5 Rac8 28.
Rdh2 f6 29. Rh8+ Kf7 30. Rxd8 Rxd8 31. gxf6 Kxf6 32. Bxa4 Bxa4 33. Nxa4 Nxc6 34.
Nc3 Nd4 35. Nd5+ Kf7 36. Rf1 Rc8+ 37. Kb1 Rc2 38. f4 Ke8 39. fxe5 dxe5 40. Rd1
Re2 41. Nc3 Re3 42. a4 Rxg3 43. a5 Rg6 44. b4 Ra6 45. Kb2 Kd7 46. Ka3 Kc7 47.
Ka4 Nc6 0-1

[Event "Women's Speed Chess Q3"]
[Site "chess.com INT"]
[Date "2021.05.30"]
[Round "10"]
[White "Kanyamarala, Trisha"]
[Black "Makhija, Aashna"]
[Result "0-1"]
[WhiteTitle "WIM"]
[BlackTitle "WIM"]
[WhiteElo "2180"]
[BlackElo "1969"]
[WhiteFideId "45004722"]
[BlackFideId "25011944"]
[EventDate "2021.05.30"]

1. d4 e6 2. c4 d5 3. cxd5 exd5 4. Nc3 c6 5. Bf4 Bd6 6. Bxd6 Qxd6 7. e3 Bf5 8.
Nf3 Nf6 9. Bd3 Bxd3 10. Qxd3 Nbd7 11. O-O O-O 12. a3 a5 13. Rac1 Rfe8 14. Na4
Ne4 15. Nd2 f5 16. Rfe1 b5 17. Nc3 Nxd2 18. Qxd2 Nb6 19. Qc2 a4 20. Ne2 Nc4 21.
Nf4 g6 22. Nd3 Kg7 23. Rb1 Ra7 24. Nc5 Qf6 25. h3 g5 26. Qd3 h5 27. Qe2 Qg6 28.
Qf3 g4 29. hxg4 hxg4 30. Qg3 Rh8 31. Kf1 Nd2+ 32. Ke2 Nxb1 33. Rxb1 Qf6 34. Nd3
Re7 35. Rc1 Rhe8 36. Rxc6 Qxc6 37. Nc5 Qf6 38. Qf4 Qg6 39. Kd2 Kg8 40. Kc1 Qf6
41. Kb1 Re4 42. Qc7 R4e7 43. Qa5 Rc7 0-1

[Event "Women's Speed Chess Q3"]
[Site "chess.com INT"]
[Date "2021.05.30"]
[Round "10"]
[White "Dordzhieva, Dinara"]
[Black "Agrest, Inna"]
[Result "0-1"]
[WhiteTitle "WGM"]
[BlackTitle "WIM"]
[WhiteElo "2334"]
[BlackElo "2285"]
[WhiteFideId "24157570"]
[BlackFideId "1708830"]
[EventDate "2021.05.30"]

1. Nf3 Nf6 2. c4 g6 3. g3 Bg7 4. d4 O-O 5. Bg2 d6 6. Nc3 Nbd7 7. O-O a6 8. e4 e5
9. h3 exd4 10. Nxd4 Re8 11. Be3 Rb8 12. Qc2 Ne5 13. b3 c5 14. Nde2 b5 15. f4
Ned7 16. Rad1 Qe7 17. Nd5 Nxd5 18. cxd5 Nf6 19. e5 dxe5 20. d6 Qe6 21. Bxc5 exf4
22. Nxf4 Qf5 23. Qxf5 Bxf5 24. g4 Be4 25. Bxe4 Nxe4 26. Nd5 Nxc5 27. Ne7+ Kf8
28. Nc6 Rb7 29. Nb4 Rd7 30. Rd5 Ne4 31. Nxa6 Rxd6 32. Rxb5 Rxa6 33. Rb7 Nd6 34.
Rd7 Bd4+ 35. Kg2 Rxa2+ 36. Kh1 Be5 37. b4 Rh2+ 38. Kg1 Rxh3 39. b5 Rb3 40. g5
Rxb5 41. Kg2 Rb2+ 42. Kf3 Re7 43. Rd8+ Kg7 44. Ra8 Rb3+ 45. Kg2 Nf5 46. Rd1 Ne3+
47. Kf2 Nxd1+ 48. Ke2 Nc3+ 49. Kd3 Nb1+ 50. Kc2 Rb6 51. Kd3 Rd7+ 52. Kc4 Rc6+
53. Kb5 Rc2 54. Kb4 Rb7+ 55. Ka4 Ra2# 0-1

[Event "Women's Speed Chess Q3"]
[Site "chess.com INT"]
[Date "2021.05.30"]
[Round "10"]
[White "Havanecz, Bianka"]
[Black "Batsiashvili, Nino"]
[Result "1-0"]
[WhiteTitle "WIM"]
[BlackTitle "GM"]
[WhiteElo "2257"]
[BlackElo "2491"]
[WhiteFideId "704814"]
[BlackFideId "13602993"]
[EventDate "2021.05.30"]

1. d4 d5 2. c4 e6 3. Nf3 c5 4. g3 cxd4 5. cxd5 exd5 6. Nxd4 Nc6 7. Bg2 Bc5 8.
Nxc6 bxc6 9. O-O Bb6 10. Nc3 Nf6 11. Bg5 O-O 12. Rc1 h6 13. Bf4 Bf5 14. Na4 Qd7
15. Nc5 Qe7 16. b4 Ne4 17. Be3 Rac8 18. a4 Rfe8 19. Re1 Qf6 20. a5 Bxc5 21. Bxc5
Nxc5 22. Rxc5 Be4 23. Qa4 Bxg2 24. Kxg2 Qd4 25. e3 Qd2 26. Rec1 d4 27. R1c2 Qd3
28. exd4 Qxd4 29. Qb3 Rb8 30. R5c4 Qd5+ 31. Qf3 Qxf3+ 32. Kxf3 Re5 33. Rxc6 Rxb4
34. Rc8+ Kh7 35. R8c7 Rxa5 36. Rxf7 Ra3+ 37. Kg2 a5 38. h3 Rb6 39. Rcc7 Rg6 40.
Ra7 a4 41. h4 Ra2 42. h5 Rg5 43. Rab7 a3 44. Ra7 Ra1 45. f4 Rxh5 46. Rxg7+ Kh8
47. Rgb7 Ra2+ 48. Kf3 1-0

[Event "Women's Speed Chess Q3"]
[Site "chess.com INT"]
[Date "2021.05.30"]
[Round "10"]
[White "Jakubowska, Anna"]
[Black "Kiran, Manisha Mohanty"]
[Result "1-0"]
[WhiteTitle "WIM"]
[BlackTitle "WGM"]
[WhiteElo "2073"]
[BlackElo "2168"]
[WhiteFideId "1121952"]
[BlackFideId "5019575"]
[EventDate "2021.05.30"]

1. e4 c5 2. Nc3 d6 3. g3 g6 4. Bg2 Bg7 5. d3 Nc6 6. Nh3 e6 7. O-O Nge7 8. f4 O-O
9. Be3 f5 10. Qd2 b6 11. Nd1 Bb7 12. c3 Rc8 13. Ng5 Qd7 14. exf5 gxf5 15. h3 Ng6
16. Bf2 Rce8 17. Re1 h6 18. Nf3 e5 19. fxe5 dxe5 20. Ne3 f4 21. Ng4 fxg3 22.
Bxg3 Nf4 23. Bxf4 exf4 24. Rxe8 Qxe8 25. Re1 Qg6 26. Qe2 h5 27. Nf2 Ne5 28. Ne4
Nxf3+ 29. Qxf3 Kh8 30. Re2 Rg8 31. Qxf4 Rf8 32. Qg3 Qxg3 33. Nxg3 Bxg2 34. Kxg2
Bh6 35. Nxh5 Rg8+ 36. Kf3 Rg5 37. Ng3 Rd5 38. Ke4 Rd7 39. Rf2 Re7+ 40. Kd5 Re1
41. Ne4 Rd1 42. Rf3 Rb1 43. b3 Rb2 44. d4 cxd4 45. cxd4 Rxa2 46. Nd6 Rh2 47.
Nf7+ Kh7 48. Nxh6 Kxh6 49. Kc6 Rd2 50. d5 Rc2+ 51. Kb7 Rd2 52. Kc6 Rc2+ 53. Kd7
a5 54. d6 b5 55. Rd3 a4 56. bxa4 bxa4 57. Ke7 Re2+ 58. Kd8 a3 59. Rxa3 1-0

[Event "Women's Speed Chess Q3"]
[Site "chess.com INT"]
[Date "2021.05.30"]
[Round "10"]
[White "Tokhirjonova, Gulrukhbegim"]
[Black "Gaponenko, Inna"]
[Result "0-1"]
[WhiteTitle "WGM"]
[BlackTitle "IM"]
[WhiteElo "2350"]
[BlackElo "2357"]
[WhiteFideId "14203626"]
[BlackFideId "14101181"]
[EventDate "2021.05.30"]

1. e4 g6 2. d4 Bg7 3. Nc3 d6 4. Be3 a6 5. Qd2 b5 6. a3 Nd7 7. Nf3 Nb6 8. Bd3 Bb7
9. O-O Nf6 10. Rfe1 O-O 11. Bh6 Nc4 12. Bxc4 bxc4 13. Bxg7 Kxg7 14. Qf4 Rb8 15.
Rad1 Bc6 16. d5 Bd7 17. Rb1 c6 18. h3 cxd5 19. exd5 Re8 20. Qxc4 Qb6 21. Qf4 Bf5
22. Nd4 Bd7 23. b3 Qc5 24. Re3 Nxd5 25. Nxd5 Qxd5 26. Rd3 e5 27. Qg5 f6 28. Qd2
exd4 29. Rxd4 Qe5 30. Rxd6 Bf5 31. g4 Be4 32. Re1 Qc5 33. Rd7+ Kg8 34. Qh6 Re7
35. Rxe7 Qxe7 36. Qf4 Re8 37. f3 Qc5+ 38. Kf1 Bc6 39. Rxe8+ Bxe8 40. Qxf6 Qxc2
41. Qe6+ Bf7 42. Qxa6 Qxb3 43. Qc8+ Kg7 44. Qc5 Qc4+ 45. Qxc4 Bxc4+ 46. Kf2 Kf6
47. f4 Ke6 48. Ke3 Kd5 49. h4 Bb5 50. h5 gxh5 51. gxh5 Ke6 52. Kd4 Bc6 53. Kc5
Bf3 54. a4 Bxh5 55. a5 Bf3 56. a6 Kf5 0-1

[Event "Women's Speed Chess Q3"]
[Site "chess.com INT"]
[Date "2021.05.30"]
[Round "10"]
[White "Paehtz, Elisabeth"]
[Black "Shuvalova, Polina"]
[Result "1/2-1/2"]
[WhiteTitle "IM"]
[BlackTitle "IM"]
[WhiteElo "2456"]
[BlackElo "2484"]
[WhiteFideId "4641833"]
[BlackFideId "24171760"]
[EventDate "2021.05.30"]

1. d4 Nf6 2. Nf3 e6 3. Bf4 b6 4. e3 Bb7 5. Nbd2 c5 6. c3 cxd4 7. exd4 Be7 8. Bd3
O-O 9. O-O d6 10. h3 Nbd7 11. Bg3 a6 12. Qe2 Rc8 13. Ng5 h6 14. Nge4 Nxe4 15.
Nxe4 d5 16. Nd2 a5 17. Nf3 Nf6 18. Nd2 Bd6 19. Be5 Bxe5 20. dxe5 Nd7 21. Rfe1
Qg5 22. Nf3 Qe7 23. Nd4 Nc5 24. Bc2 Bc6 25. Qe3 Ba4 26. Bb1 Rfe8 27. Qf4 Bd7 28.
Re3 f6 29. exf6 Qxf6 30. Qd6 Rcd8 31. Qxb6 Ne4 32. Bxe4 dxe4 33. Rae1 e5 34.
Qxf6 gxf6 35. Nb3 a4 36. Nc5 f5 37. Nxd7 Rxd7 38. R3e2 Rb8 39. Rc1 Kf7 40. g4
Ke6 41. gxf5+ Kxf5 42. Kf1 Kf4 43. Rce1 Kf5 44. Rxe4 Rxb2 45. Rxe5+ Kf6 46. a3
Rb3 47. R5e4 Rxa3 48. R1e3 Rd5 49. Rf3+ Rf5 50. Rxf5+ Kxf5 51. Rb4 Rxc3 52. Rxa4
Rxh3 53. Kg2 Rc3 54. Ra5+ 1/2-1/2

[Event "Women's Speed Chess Q3"]
[Site "chess.com INT"]
[Date "2021.05.30"]
[Round "10"]
[White "Zakirova, Aisha"]
[Black "Soumya, Swaminathan"]
[Result "0-1"]
[WhiteTitle "WCM"]
[BlackTitle "IM"]
[WhiteElo "1585"]
[BlackElo "2351"]
[WhiteFideId "13719734"]
[BlackFideId "5016193"]
[EventDate "2021.05.30"]

1. d4 Nf6 2. c4 g6 3. Nc3 Bg7 4. e4 d6 5. Nge2 O-O 6. Ng3 c5 7. d5 e6 8. Be2
exd5 9. cxd5 Re8 10. O-O a6 11. a4 h5 12. Bg5 Qc7 13. Ra3 Nh7 14. Qd2 Nxg5 15.
Qxg5 Qe7 16. Qxe7 Rxe7 17. Rc1 Nd7 18. Nf1 Bd4 19. Ne3 Nf6 20. Nc4 Nxe4 21. Nxe4
Rxe4 22. Bf3 Re7 23. Nxd6 Bg4 24. Bxg4 hxg4 25. g3 Rd8 26. Nc4 Rxd5 27. Rb3 Re2
28. Rf1 Rf5 29. Ne3 Rf3 30. a5 Rxb2 31. Rxb2 Bxb2 32. Nd5 Bd4 33. Kg2 Ra3 34. h3
f5 35. hxg4 fxg4 36. Rb1 Ra2 37. Rxb7 Rxf2+ 38. Kh1 Rf1+ 39. Kh2 Rf2+ 40. Kh1
Rf5 41. Ne7+ Kf8 42. Nxf5 gxf5 43. Rc7 Ke8 44. Rc6 Kd7 45. Rxa6 c4 46. Ra8 c3
47. Rg8 c2 48. a6 c1=Q+ 49. Kh2 Qb2+ 50. Kh1 Qc1+ 51. Kh2 Qg1# 0-1

[Event "Women's Speed Chess Q3"]
[Site "chess.com INT"]
[Date "2021.05.30"]
[Round "10"]
[White "Skuhala, Barbara"]
[Black "Tanishka, Kotia"]
[Result "1-0"]
[WhiteTitle "WFM"]
[BlackTitle "WFM"]
[WhiteElo "2077"]
[BlackElo "1849"]
[WhiteFideId "14605465"]
[BlackFideId "25005600"]
[EventDate "2021.05.30"]

1. e4 c5 2. Nf3 Nc6 3. g3 g6 4. Bg2 Bg7 5. O-O e6 6. Re1 Nge7 7. c3 O-O 8. d4
cxd4 9. cxd4 d5 10. e5 Nf5 11. Nc3 Qb6 12. Ne2 Bd7 13. g4 Nfe7 14. h4 Rac8 15.
Bg5 h6 16. Bf6 Kh7 17. h5 g5 18. Qd2 Ng8 19. Bxg7 Kxg7 20. Nxg5 hxg5 21. Qxg5+
Kh7 22. Nf4 Qd8 23. Qxd8 Rfxd8 24. Rad1 Nh6 25. f3 Nb4 26. Rd2 Rc2 27. Ree2 Rdc8
28. a3 Rxd2 29. Rxd2 Nc6 30. Bf1 Nd8 31. Bd3+ Kg7 32. Ne2 f6 33. exf6+ Kxf6 34.
Kf2 Ndf7 35. Kg3 a6 36. f4 Ng8 37. g5+ Kg7 38. h6+ Kf8 39. h7 Ne7 40. Kg4 e5+
41. Kh5 exf4 42. Nxf4 Bf5 43. Bxf5 Nxf5 44. g6 Ng7+ 45. Kg4 Nh6+ 46. Kh3 Nhf5
47. h8=Q+ Ke7 48. Qxc8 Kf6 49. Qxb7 Kg5 50. Nxd5 Ne6 51. Rg2+ Kh5 52. Qh7+ Nh6
53. Nf6# 1-0

[Event "Women's Speed Chess Q3"]
[Site "chess.com INT"]
[Date "2021.05.30"]
[Round "10"]
[White "Balabayeva, Xeniya"]
[Black "Zuriel, Marisa"]
[Result "1-0"]
[WhiteTitle "WFM"]
[BlackTitle "WIM"]
[WhiteElo "2178"]
[BlackElo "2203"]
[WhiteFideId "13719688"]
[BlackFideId "109142"]
[EventDate "2021.05.30"]

1. e4 c5 2. Nf3 d6 3. Bb5+ Bd7 4. Bxd7+ Qxd7 5. O-O Nc6 6. Re1 Nf6 7. c3 e6 8.
d4 d5 9. e5 Ne4 10. Nbd2 cxd4 11. cxd4 f5 12. exf6 Nxf6 13. Nb3 Bd6 14. Bg5 O-O
15. Bxf6 Rxf6 16. Qd3 Raf8 17. Nbd2 Qe8 18. Re2 Qh5 19. h3 Rg6 20. Kh1 Bf4 21.
Rae1 Rff6 22. Nb3 Rxg2 23. Kxg2 Rg6+ 24. Qxg6 Qxg6+ 25. Kh1 Qf5 26. Kg2 Nd8 27.
Nc5 Qg6+ 28. Kh1 Qh5 29. Kg2 Qg6+ 30. Kh1 Kf7 31. Nd3 Bc7 32. Nfe5+ Bxe5 33.
Nxe5+ Kf6 34. Nxg6 hxg6 35. Re5 b6 36. Kg2 a5 37. f3 Kf7 38. Kg3 Kf6 39. h4 Kf7
40. f4 Kf6 41. b3 Kf7 42. Rc1 Kf6 43. Rc7 Nf7 44. Rxf7+ Kxf7 45. Kg4 Kf6 46. Re3
Kf7 47. Rc3 Kf6 48. Rc7 b5 49. Rb7 a4 50. Rxb5 axb3 51. Rxb3 g5 52. a4 Kg6 53.
fxg5 Kh7 54. a5 Kg6 55. h5+ Kh7 56. a6 Kh8 57. g6 Kg8 58. Rb8# 1-0